000 00755nam a2200205Ii 4500
003 JO-AjNU
008 230605s9999||||xx |||||||||||||| ||und||
040 _aJO-AjNU
_bara
_erda
_cJO-AjNU
041 _aara
050 1 4 _aUB270.C5412 1991
100 3 _a تاليف كلاين، راي ؛ ترجمة سمير عبدالكريم ,
_eauthor
_937590
245 0 0 _aالجاسوسية في عصر الالكترونيات، الجزء الاول والثاني
250 _aط1
264 3 1 _aعمان: دار قتيبة، 1991
300 _aج1+2، 350ص
336 _atext
_btxt
_2rdacontent
337 _aunmediated
_bn
_2rdamedia
338 _avolume
_bnc
_2rdacarrier
650 4 _aالجاسوسية-المخابرات-الكترونيات
_937591
999 _aA15719
_c19287
_d19287